Break-ins in Taman Sentosa (Record no. 108859)

MARC details
000 -LEADER
fixed length control field 00774nam a2200265 i 4500
001 - CONTROL NUMBER
control field C2-0305870
003 - CONTROL NUMBER IDENTIFIER
control field PPAK
005 - DATE AND TIME OF LATEST TRANSACTION
control field 20180728091258.0
008 - FIXED-LENGTH DATA ELEMENTS--GENERAL INFORMATION
fixed length control field 100906s2010 my a|||| ||||| | eng d
020 ## - INTERNATIONAL STANDARD BOOK NUMBER
International Standard Book Number 9789831981498
040 ## - CATALOGING SOURCE
Original cataloging agency PPAK
Language of cataloging eng
Transcribing agency PPAK
Description conventions rda
082 04 - DEWEY DECIMAL CLASSIFICATION NUMBER
Classification number 823
Edition number 23
090 00 - LOCALLY ASSIGNED LC-TYPE CALL NUMBER (OCLC); LOCAL CALL NUMBER (RLIN)
Classification number (OCLC) (R) ; Classification number, CALL (RLIN) (NR) 823
Feature heading MAR
Feature heading K
100 0# - MAIN ENTRY--PERSONAL NAME
Personal name Maria Kay,
Relator term author
245 10 - TITLE STATEMENT
Title Break-ins in Taman Sentosa
264 #1 - PRODUCTION, PUBLICATION, DISTRIBUTION, MANUFACTURE, AND COPYRIGHT NOTICE
Place of production, publication, distribution, manufacture Kuala Lumpur :
Name of producer, publisher, distributor, manufacturer Jade Green Publications ,
Date of production, publication, distribution, manufacture, or copyright notice 2010
300 ## - PHYSICAL DESCRIPTION
Extent 16 pages :
Other physical details colour illustrations ;
Dimensions 26 cm.
336 ## - CONTENT TYPE
Source rdacontent
Content type term text
337 ## - MEDIA TYPE
Source rdamedia
Media type term unmediated
338 ## - CARRIER TYPE
Source rdacarrier
Carrier type term volume
490 1# - SERIES STATEMENT
Series statement Renee's living in harmony series
650 10 - SUBJECT ADDED ENTRY--TOPICAL TERM
Topical term or geographic name entry element Children's stories, English.
830 #0 - SERIES ADDED ENTRY--UNIFORM TITLE
Uniform title Renee's living in harmony series
942 ## - ADDED ENTRY ELEMENTS (KOHA)
-- dc
Koha item type Book
Holdings
Withdrawn Not for loan Current library Shelving location Date acquired Full call number Barcode Date last seen Koha item type Total Checkouts Total Renewals Date last checked out
    Perpustakaan Alor Setar Pinjaman Kanak-kanak 06/09/2010 K 823 MAR A01342021 09/05/2018 Book      
    Perpustakaan Baling Pinjaman Kanak-kanak 06/09/2010 K 823 MAR A01342024 24/12/2024 Book 1   21/12/2024
    Perpustakaan Bandar Baharu Pinjaman Kanak-kanak 06/09/2010 K 823 MAR A01342026 09/05/2018 Book      
    Perpustakaan Jitra Pinjaman Kanak-kanak 06/09/2010 K 823 MAR A01342022 09/05/2018 Book      
    Perpustakaan Kulim Pinjaman Kanak-kanak 06/09/2010 K 823 MAR A01342023 18/06/2019 Book 1 1 07/05/2019
    Perpustakaan Langkawi Pinjaman Kanak-kanak 06/09/2010 K 823 MAR A01342025 09/05/2018 Book      
    Perpustakaan Merbok Pinjaman Kanak-kanak 06/09/2010 K 823 MAR A01342027 09/05/2018 Book